The alligator's secret : (Record no. 104024)
[ view plain ]
| 000 -LEADER | |
|---|---|
| fixed length control field | 00774nam a2200193 a 4500 |
| 005 - DATE AND TIME OF LATEST TRANSACTION | |
| control field | 20140412111312.0 |
| 008 - FIXED-LENGTH DATA ELEMENTS--GENERAL INFORMATION | |
| fixed length control field | 010326s19uu xx 00 eng d |
| 020 ## - INTERNATIONAL STANDARD BOOK NUMBER | |
| International Standard Book Number | 0-7835-1307-0 |
| 050 ## - LIBRARY OF CONGRESS CALL NUMBER | |
| Classification number | REF 170 |
| Item number | C54Al v.8 |
| 245 ## - TITLE STATEMENT | |
| Title | The alligator's secret : |
| Remainder of title | a book about admitting our mistakes. |
| 260 ## - PUBLICATION, DISTRIBUTION, ETC. (IMPRINT) | |
| Place of publication, distribution, etc | Asia : |
| Name of publisher, distributor, etc | Time Life Asia, |
| Date of publication, distribution, etc | 1997. |
| 300 ## - PHYSICAL DESCRIPTION | |
| Extent | 29 p. ; ill. |
| 440 ## - SERIES STATEMENT/ADDED ENTRY--TITLE | |
| Title | A Child's First Library of Values |
| 500 ## - GENERAL NOTE | |
| General note | w/ casette tape |
| 520 ## - SUMMARY, ETC. | |
| Summary, etc | On his way to school, Ali the alligator eats some purple berries and ends up looking rather silly. Trying to cover up his mistake, he pretends to have flue, but he soon finds out that it is better to admit mistakes straight away . . . |
| 650 ## - SUBJECT ADDED ENTRY--TOPICAL TERM | |
| Topical term or geographic name as entry element | Values |
| 650 ## - SUBJECT ADDED ENTRY--TOPICAL TERM | |
| Topical term or geographic name as entry element | Mistakes - Fiction |
| Withdrawn status | Lost status | Damaged status | Home library | Current library | Shelving location | Date acquired | Source of acquisition | Total Checkouts | Full call number | Barcode | Date last seen | Price effective from | Koha item type |
|---|---|---|---|---|---|---|---|---|---|---|---|---|---|
| Elizalde Library | Elizalde Library | Reference Section | 03/26/2001 | REF 170 C54Al v.8 | E6283 | 04/12/2014 | 04/12/2014 | Books |